Lana Del Rey Honeymoon Tracklist - Statistics

General Stats
  • This quiz has been taken 20 times
  • The average score is 11 of 14
Answer Stats
Track Answer % Correct
12 24
94%
1 Honeymoon
94%
10 Salvatore
94%
2 Music to Watch Boys To
88%
7 Art Deco
82%
6 Freak
82%
13 Swan Song
82%
3 Terrence Loves You
76%
11 The Blackest Day
76%
14 Don't Let Me Be Misunderstood
71%
5 High by the Beach
71%
9 Religion
71%
4 God Knows I Tried
59%
8 Burnt Norton Interlude
53%
No matching quizzes found
Score Distribution
Percent of People with Each Score
Percentile by Number Answered
Your Score History
You have not taken this quiz